Hutan Simpan Gunung Angsi Negeri Sembilan : Pengurusan hutan, persekitaran fizikal, dan kepelbagaian biologi

Bibliographic Details
Corporate Author: Malaysia
Other Authors: A Latiff, Abdul Rahman Abdul Rahim, H.L.Koh, M.S. Nizam, Roslan Ariffin
Format: Book
Published: Kuala Lumpur : Jabatan Perhutanan Semenanjung Malaysia , 2010
Series:Siri 13 : Kepelbagaian Biologi Hutan
Subjects:

MARC

LEADER 00000cam a2200000 7i4500
001 0000003973
005 20130118.0
020 0 0 |a 9789839269819 
090 0 0 |a JPSM 634.9068   |b ANG NS 
245 0 0 |a Hutan Simpan Gunung Angsi Negeri Sembilan :   |b Pengurusan hutan, persekitaran fizikal, dan kepelbagaian biologi   |c Disunting oleh Razani Ujang...[et.al] 
260 0 0 |a Kuala Lumpur :   |b Jabatan Perhutanan Semenanjung Malaysia ,   |c 2010 
300 |a 266 p. :   |b ill., maps ;   |c 26 cm. 
440 0 0 |a Siri 13 : Kepelbagaian Biologi Hutan 
500 0 0 |a Includes bibliographical references 
650 0 0 |a Biological diversity conservation   |z Hutan Simpan Gunung Angsi 
650 0 0 |a Biological diversity   |z Hutan Simpan Gunung Angsi, Negeri Sembilan 
700 0 1 |a A Latiff 
700 0 1 |a Abdul Rahman Abdul Rahim 
700 0 1 |a H.L.Koh 
700 0 1 |a M.S. Nizam 
700 0 1 |a Roslan Ariffin 
710 1 1 |a Malaysia ,   |c Jabatan Perhutanan Semenanjung Malaysia 
998 |a JPSM 
999 |a 007754   |b Monograph   |c Open Shelf   |e Default branch